Normal view
MARC view
Entry Personal Name
001 - CONTROL NUMBER
- control field: 10295
003 - CONTROL NUMBER IDENTIFIER
- control field: OSt
005 - DATE AND TIME OF LATEST TRANSACTION
- control field: 20190219155005.0
008 - FIXED-LENGTH DATA ELEMENTS
- fixed length control field: 190219|| aca||aabn | a|a d
040 ## - CATALOGING SOURCE
- Original cataloging agency: OSt
- Transcribing agency: OSt
100 ## - HEADING--PERSONAL NAME
- Personal name: Michaels, David
670 ## - SOURCE DATA FOUND
- Source citation: Work cat.: (OSt)19504: Michaels, David, Tom Clancy's splinter cell :, 2006.